| 000 | 00508nam a22001817a 4500 | ||
|---|---|---|---|
| 003 | BUBTL | ||
| 008 | 171217b xxu||||| |||| 00| 0 eng d | ||
| 020 | _a1-85573-975-5 | ||
| 082 | _a677HES | ||
| 100 |
_91665 _aHenshaw D.E. |
||
| 245 |
_aSelf-Twist Yarn : _cD.E.Henshaw |
||
| 260 |
_aCambridge : _bWoodhead Publishing Limited, _cc1971. |
||
| 300 |
_avi,159 p. : _bill. ; _c21 cm. |
||
| 650 | 0 |
_9909 _aTextile Engineering |
|
| 856 |
_k0 _l0 _yDownload |
||
| 942 |
_2ddc _cBK |
||
| 999 |
_c5611 _d5611 |
||